Household composition and the measurement of disparity in levels of living (Record no. 6800)

000 -LEADER
fixed length control field 00384pab a2200145 454500
008 - FIXED-LENGTH DATA ELEMENTS--GENERAL INFORMATION
fixed length control field 180718b1988 xxu||||| |||| 00| 0 eng d
100 ## - MAIN ENTRY--PERSONAL NAME
Personal name Satya Paul
245 ## - TITLE STATEMENT
Title Household composition and the measurement of disparity in levels of living
260 ## - PUBLICATION, DISTRIBUTION, ETC.
Date of publication, distribution, etc. 1988
300 ## - PHYSICAL DESCRIPTION
Extent 83-106
362 ## - DATES OF PUBLICATION AND/OR SEQUENTIAL DESIGNATION
Dates of publication and/or sequential designation Jan.-June
650 ## - SUBJECT ADDED ENTRY--TOPICAL TERM
Topical term or geographic name entry element Cost of Living
773 ## - HOST ITEM ENTRY
Main entry heading Indian Economic Review
909 ## -
-- 6800
Holdings
Withdrawn status Lost status Damaged status Not for loan Permanent Location Current Location Date acquired Serial Enumeration / chronology Barcode Date last seen Price effective from Koha item type
        Indian Institute of Public Administration Indian Institute of Public Administration 2018-07-19 Volume no: 23, Issue no: 1 AR6810 2018-07-19 2018-07-19 Articles

Powered by Koha